Philosophy of man : (Record no. 22750)
[ view plain ]
| 000 -LEADER | |
|---|---|
| fixed length control field | 00509nam a2200181 a 4500 |
| 003 - CONTROL NUMBER IDENTIFIER | |
| control field | PILC |
| 005 - DATE AND TIME OF LATEST TRANSACTION | |
| control field | 20151013081708.0 |
| 008 - FIXED-LENGTH DATA ELEMENTS--GENERAL INFORMATION | |
| fixed length control field | 080109s19uu xx 00 eng d |
| 020 ## - INTERNATIONAL STANDARD BOOK NUMBER | |
| International Standard Book Number | 9789719328353 |
| 050 ## - LIBRARY OF CONGRESS CALL NUMBER | |
| Classification number | BD 450 |
| Item number | .J68 2006 |
| 100 ## - MAIN ENTRY--PERSONAL NAME | |
| Personal name | Joven, Jose R. |
| 245 ## - TITLE STATEMENT | |
| Title | Philosophy of man : |
| Remainder of title | a modular approach / |
| Statement of responsibility, etc | Jose R. Joven. |
| 260 ## - PUBLICATION, DISTRIBUTION, ETC. (IMPRINT) | |
| Place of publication, distribution, etc | Makati City : |
| Name of publisher, distributor, etc | F & J de Jesus, |
| Date of publication, distribution, etc | 2006. |
| 300 ## - PHYSICAL DESCRIPTION | |
| Extent | 151 pages : |
| Dimensions | 24 cm. |
| 650 ## - SUBJECT ADDED ENTRY--TOPICAL TERM | |
| Topical term or geographic name as entry element | Philosophical anthropology. |
| 942 ## - ADDED ENTRY ELEMENTS (KOHA) | |
| Koha item type | Books |
| Source of classification or shelving scheme | Library of Congress Classification |
| Call number prefix | Foreign |
| Withdrawn status | Lost status | Source of classification or shelving scheme | Damaged status | Home library | Current library | Shelving location | Date acquired | Source of acquisition | Cost, normal purchase price | Total Checkouts | Full call number | Barcode | Date last seen | Date checked out | Copy number | Price effective from | Koha item type | Sub Shelving location | Total Renewals |
|---|---|---|---|---|---|---|---|---|---|---|---|---|---|---|---|---|---|---|---|
| Library of Congress Classification | College Library | College Library | General Circulation Section | 09/29/2010 | 199.00 | 2 | BD 450 .J68 2006 | C8993 | 05/15/2018 | 06/26/2014 | 1 | 10/18/2013 | Books | ||||||
| Library of Congress Classification | College Library | College Library | General Circulation Section | 10/13/2015 | Donation | 5 | BD 450 .J68 2006 | C20179 | 11/17/2021 | 08/11/2021 | 10/13/2015 | Books | 12 | ||||||
| Library of Congress Classification | College Library | College Library | General Circulation Section | 10/13/2015 | Donation | 1 | BD 450 .J68 2006 | C20180 | 05/15/2018 | 05/26/2017 | 10/13/2015 | Books | 1 |